Modrý rast - dlhodobá stratégia na podporu udržateľnosti

Pojem modrá ekonomika. Komponenty stratégie modrý rast. Význam pobrežných regiónov v Európskej únii. Udržateľný rast a inovácia v Únii. Výška výdavkov na morský výskum vybraných členských štátov EÚ. Produkcia odpadu v krajinách Európskej únie.

Gespeichert in:
Bibliographische Detailangaben
1. Verfasser: Vidová, Jarmila, 1967-
Format: Buchkapitel
Sprache:Slowakisch
Schlagworte:
Tags: Tag hinzufügen
Keine Tags, Fügen Sie das erste Tag hinzu!

MARC

LEADER 00000nla a2200000 4500
001 0234534
005 20260205070117.9
041 0 |a slo 
044 |a SK 
245 1 0 |a Modrý rast - dlhodobá stratégia na podporu udržateľnosti  |c Jarmila Vidová 
520 |a Pojem modrá ekonomika. Komponenty stratégie modrý rast. Význam pobrežných regiónov v Európskej únii. Udržateľný rast a inovácia v Únii. Výška výdavkov na morský výskum vybraných členských štátov EÚ. Produkcia odpadu v krajinách Európskej únie. 
610 2 0 |a politika ekologická 
610 2 0 |a politika environmentálna 
610 2 0 |a ekonomika modrá 
610 2 0 |a rozvoj trvalo udržateľný 
610 2 0 |a ochrana prostredia životného 
610 2 0 |a odpad 
610 2 0 |a Európska únia 
100 1 |a Vidová, Jarmila, 1967-